Language Quiz

Random Language or French Quiz

French: Time Quiz Stats

 Plays Quiz Updated May 10, 2019

Score 0/14 Timer 03:00
0 Plays Today
English French % Correct
Minuteune minute
91%
Hourune heure
87.7%
Dayun jour
87.3%
Yearun an
84%
Weekune semaine
78%
Secondune seconde
73.1%
Noonmidi
70.6%
English French % Correct
Midnightminuit
70.1%
In the morningdu matin
68.7%
In the afternoonde l'apres-midi
67.4%
In the eveningdu soir
66.4%
Monthun mois
63%
Centuryun siècle
29.8%
Decadeune décennie
10.5%

You're not logged in!

Compare scores with friends on all Sporcle quizzes.
OR
Log In

Sporcle TV

Today on Sporcle TV


Watch our educational content, quiz creation guides, and fun videos on Sporcle TV.

Show Comments

Extras

Top Quizzes Today


Score Distribution

Your Account Isn't Verified!

In order to create a playlist on Sporcle, you need to verify the email address you used during registration. Go to your Sporcle Settings to finish the process.

Report this User

Report this user for behavior that violates our Community Guidelines.

Details: